| 000 | 00466nam a2200181Ia 4500 | ||
|---|---|---|---|
| 008 | 240925s9999 xx 000 0 und d | ||
| 020 | _aNA | ||
| 082 | _a796.44 MAR | ||
| 100 | _aMartineau ,G. D. | ||
| 245 | 4 | _aThe Field is Full of Shades | |
| 250 | _aNA | ||
| 260 |
_aLondon: _bSporting Handbooks _c,1946. |
||
| 300 |
_aVarious pages _bN.A _fOriginal |
||
| 500 | _aNA | ||
| 600 | _aHumanities & Natural Science | ||
| 650 | _aArts and Recreation | ||
| 942 | _cBK | ||
| 999 |
_c12112 _d12112 |
||